01275nam a2200229 a 450000100100000000500170001000800410002702000180006804000250008610000440011124501180015526000910027330000200036449000880038483000910047204900090056395201200057295201200069295201050081295201110091799900170102800002794020240305130541.0110405s2007 dr 000 0 spa d a9789945161076 aDO-SdBNPbspacBNPHU1 aTavares K., Juan Tomás,d1953-94892510aSobre el bien y el mal de la República :bescritos de Ulises Francisco Espillat /cJuan Tomás Tavares Kelner. aSanto Domingo :bComisión Permanente de Efemérides Patrias,c2007.fEditora Búho a30 p. ;c22 cm.1 aPublicaciones de la Comisión Permanente de Efemérides Patrias 2004-2007vno. 20 0aPublicaciones de la Comisión Permanente de Efemérides Patrias 2004-2007n20955003 aBNPD 001054708DSaGRbGRcCTd2011-04-13iLF1l0o p27940-30r2020-06-25te. 3w2020-06-25yLFDSZPréstamo en sala 001054708DSaGRbGRcCTd2013-06-28iLF1l0o p27940-50r2020-06-25te. 4w2020-06-25yLFDSZPréstamo en sala 0010718PDaPDbPDcCTd2011-04-05iLF1l0o p27940-10r2020-06-25w2020-06-25yLFPDZNo se presta 0010718PDaPDbPDcCTd2011-04-11iLF1l0o p27940-20r2020-06-25te. 2w2020-06-25yLFPDZNo se presta c27432d27432